[Event "JUG Team Ch Cup"]
[Site "Becici"]
[Date "1994.??.??"]
[Round "?"]
[White "Marinkovic, Ivan"]
[Black "Ristic, Nenad"]
[Result "1/2-1/2"]
[WhiteElo "2445"]
[BlackElo "2380"]
[PlyCount "86"]
[EventDate "1994.??.??"]
[Source "www.chesslib.no"]
[SourceDate "2004.05.04"]

1. e4 e5 2. Nf3 Nf6 3. Nxe5 d6 4. Nf3 Nxe4 5. d3 Nf6 6. d4 d5 7. Bd3 Bg4 8. O-O Be7 9. Re1 O-O 10. Bf4 Na6 11. c3 c5 12. Nbd2 cxd4 13. cxd4 Nc7 14. Qb3 Ne6 15. Be3 Bxf3 16. Nxf3 Rb8 17. h3 Bd6 18. Ne5 Bxe5 19. dxe5 d4 20. Bd2 Nd5 21. Be4 Ndf4 22. Qg3 Nh5 23. Qg4 g6 24. Bb4 Re8 25. Bd6 Rc8 26. Bxb7 Rc2 27. Be4 Rxb2 28. Bc6 Nhf4 29. Bxe8 Qxe8 30. Qf3 Qb5 31. Kh2 Nd3 32. Re2 Rxe2 33. Qxe2 Nef4 34. Qe4 Ne6 35. Qe2 Qc4 36. Rb1 Kg7 37. Rb3 Nef4 38. Qf3 g5 39. g3 Ne1 40. Qe4 Qf1 41. gxf4 Qxf2+ 42. Kh1 Qf1+ 43. Kh2 Qf2+ 1/2-1/2

[Event "Budapest FS08 IM-A"]
[Site "Budapest HUN"]
[Date "1995.??.??"]
[Round "6"]
[White "Pirisi, Gabor"]
[Black "Petran, Peter"]
[Result "1/2-1/2"]
[WhiteElo "2405"]
[BlackElo "2420"]
[PlyCount "24"]
[EventDate "1995.08.??"]
[Source "www.chesslib.no"]
[SourceDate "2004.05.04"]

1. e4 e5 2. Nf3 Nf6 3. Nxe5 d6 4. Nf3 Nxe4 5. d3 Nf6 6. Qe2+ Qe7 7. Bg5 Qxe2+ 8. Bxe2 Be7 9. O-O O-O 10. d4 h6 11. Bh4 Bg4 12. h3 Bh5 1/2-1/2

[Event "ISR-chT"]
[Site "Ramat Aviv"]
[Date "2000.03.17"]
[Round "6"]
[White "Kosashvili, Yona"]
[Black "Lurie, Michael"]
[Result "1/2-1/2"]
[WhiteElo "2548"]
[BlackElo "2276"]
[PlyCount "99"]
[EventDate "2000.01.14"]
[Source "ChessBase"]
[SourceDate "2000.07.27"]

1. e4 e5 2. Nf3 Nf6 3. Nxe5 d6 4. Nf3 Nxe4 5. d3 Nf6 6. d4 Be7 7. Bd3 O-O 8. h3 Nbd7 9. O-O Re8 10. c4 c6 11. Nc3 Nf8 12. Bf4 a6 13. Re1 b5 14. Qd2 Ne6 15. Bh2 bxc4 16. Bxc4 Nc7 17. Rac1 Ncd5 18. Bb3 Bf8 19. Qd3 Rxe1+ 20. Rxe1 g6 21. Bg3 Bf5 22. Qc4 Qc8 23. Ng5 Ra7 24. Nge4 Nxe4 25. Nxe4 Rd7 26. Qa4 Kg7 27. Bh4 Be7 28. Bg3 Qb7 29. Nd2 Bf6 30. Qa3 Qb4 31. Qxb4 Nxb4 32. Nc4 Bxd4 33. Rd1 c5 34. Nxd6 Bc2 35. Bxc2 Nxc2 36. Rd2 Nb4 37. a3 Nc6 38. Nc4 Rb7 39. Rd3 f6 40. b3 Ne5 41. Bxe5 fxe5 42. Nd2 Kf7 43. Rf3+ Ke7 44. Kf1 Ke6 45. Ke2 Rb8 46. Kd3 Kd5 47. Rf7 e4+ 48. Kc2 Re8 49. Nc4 Re6 50. Kd2 1/2-1/2

[Event "Melbourne"]
[Site "?"]
[Date "1997.??.??"]
[Round "?"]
[White "West Guy"]
[Black "Solomon Stephen J"]
[Result "1/2-1/2"]
[WhiteElo "2425"]
[BlackElo "2395"]
[PlyCount "150"]
[EventDate "1997.??.??"]
[Source "www.chesslib.no"]
[SourceDate "2004.05.04"]

1. e4 e5 2. Nf3 Nf6 3. Nxe5 d6 4. Nf3 Nxe4 5. d3 Nf6 6. Bg5 Be7 7. Be2 Nbd7 8. O-O Nf8 9. Re1 Ne6 10. Bh4 O-O 11. Bf1 b5 12. d4 Rb8 13. c3 Bb7 14. Nbd2 c5 15. dxc5 dxc5 16. Bg3 Bd6 17. a4 Bxg3 18. hxg3 a6 19. Qc2 g6 20. axb5 axb5 21. Ne5 Qb6 22. Be2 Rfd8 23. Bf3 Nd7 24. Nxd7 Rxd7 25. Bxb7 Qxb7 26. Re2 Rbd8 27. Rae1 c4 28. Nf3 Nc5 29. Re8+ Kg7 30. Rxd8 Rxd8 31. Nd4 Nd3 32. Rb1 Re8 33. Qd2 Qe4 34. Rd1 b4 35. b3 Rd8 36. bxc4 bxc3 37. Qxd3 Qxd4 38. Qxd4+ Rxd4 39. Rc1 Rxc4 40. Kf1 Kf6 41. Ke2 Rc7 42. Kd3 Rd7+ 43. Ke3 Re7+ 44. Kd3 Kg5 45. Rxc3 Re1 46. Rc7 Kf6 47. Rc6+ Ke5 48. Rc7 Ke6 49. Rc2 Rg1 50. Re2+ Kf5 51. f3 h5 52. Ke3 Rf1 53. Ra2 Kg5 54. Ke2 Rb1 55. Kf2 f5 56. Ra4 Rb2+ 57. Kg1 Rd2 58. Rb4 Kf6 59. Rb6+ Kf7 60. Ra6 Re2 61. Rb6 Re6 62. Rb7+ Kf6 63. Rb8 Ke5 64. Rb4 Rd6 65. Kh2 Rd1 66. Rb6 Rd6 67. Rb4 Kf6 68. Rb8 Rc6 69. Ra8 Kg7 70. Ra7+ Kf6 71. Ra8 Rc7 72. Ra6+ Kg7 73. Rb6 g5 74. Rb5 Rf7 75. g4 hxg4 1/2-1/2

[Event "RUS-ch sf"]
[Site "?"]
[Date "2003.??.??"]
[Round "3"]
[White "Piraev Philip"]
[Black "Dvalishvili Pavel S"]
[Result "0-1"]
[WhiteElo "2384"]
[BlackElo "2432"]
[PlyCount "78"]
[EventDate "2003.??.??"]
[Source "www.chesslib.no"]
[SourceDate "2004.05.04"]

1. e4 e5 2. Nf3 Nf6 3. Nxe5 d6 4. Nf3 Nxe4 5. d3 Nf6 6. d4 Bg4 7. Be2 Be7 8. h3 Bh5 9. Nc3 c6 10. a4 d5 11. g4 Bg6 12. Ne5 Nbd7 13. h4 h6 14. Nxg6 fxg6 15. Qd3 Nf8 16. Bf4 Qd7 17. Rg1 Ng8 18. g5 h5 19. Be5 Bd6 20. Bf1 Bxe5 21. Bh3 Qf7 22. dxe5 Ne6 23. Ne2 Ne7 24. Bxe6 Qxe6 25. f4 O-O 26. O-O-O c5 27. Rgf1 Rad8 28. Rf2 Nf5 29. Qb5 b6 30. Rh1 d4 31. b3 Kh7 32. Kb2 Qd5 33. Rh3 Ne3 34. Qd3 c4 35. bxc4 Nxc4+ 36. Kb1 Nxe5 37. Qb5 Qd6 38. Rg3 Nc4 39. Nc1 d3 0-1

[Event "TCh-FIN 2007-8"]
[Site "Finland FIN"]
[Date "2007.10.20"]
[Round "3"]
[White "Holmsten, A."]
[Black "Pihlajasalo, A."]
[Result "0-1"]
[WhiteElo "2384"]
[BlackElo "2431"]
[PlyCount "77"]
[EventDate "2007.10.01"]
[Source "www.chesslib.no"]
[SourceDate "2004.05.04"]

1. e4 e5 2. Nf3 Nf6 3. Nxe5 d6 4. Nf3 Nxe4 5. d3 Nf6 6. d4 Be7 7. h3 O-O 8. Bd3 Nbd7 9. O-O Re8 10. Re1 b6 11. c4 Bb7 12. Nc3 Bf8 13. Rxe8 Qxe8 14. Bf4 g6 15. Nd2 Bg7 16. Be2 Nf8 17. Bf3 Qc8 18. Be3 a6 19. Rc1 Rb8 20. c5 bxc5 21. dxc5 dxc5 22. b3 Ne6 23. Na4 Nd5 24. Bxc5 Ndf4 25. Nc4 Ng5 26. Bxb7 Qxb7 27. Qg4 Bh6 28. Re1 f5 29. Qg3 Rd8 30. Be3 Rd1 31. Rxd1 Ne2+ 32. Kh2 Nxg3 33. fxg3 Qc8 34. Nc5 Nf7 35. Bxh6 Nxh6 36. Rd7 Nf7 37. Na5 Qf8 38. Rxc7 Qd6 39. Rc8+ 0-1

[Event "Carlos Torre op 13th"]
[Site "Merida"]
[Date "2000.12.20"]
[Round "7"]
[White "Martin del Campo, Roberto"]
[Black "Sammalvuo, Tapani"]
[Result "1-0"]
[WhiteElo "2422"]
[BlackElo "2388"]
[PlyCount "87"]
[EventDate "2000.12.15"]
[Source "ChessBase"]
[SourceDate "2001.01.11"]

1. e4 e5 2. Nf3 Nf6 3. Nxe5 d6 4. Nf3 Nxe4 5. d3 Nf6 6. d4 Be7 7. Bd3 O-O 8. O-O Bg4 9. Re1 c5 10. h3 Bh5 11. Be2 Nc6 12. c3 a6 13. Nbd2 b5 14. Nf1 Qb6 15. Ng3 Bg6 16. Bd3 Bxd3 17. Qxd3 c4 18. Qc2 g6 19. Bg5 Nd5 20. Qe4 Bxg5 21. Nxg5 Nf6 22. Qf4 Qd8 23. N3e4 Nxe4 24. Nxe4 d5 25. Nf6+ Kg7 26. Ng4 h5 27. Qh6+ Kg8 28. Ne5 Qd6 29. Nxc6 Qxc6 30. Re5 Qd7 31. f4 a5 32. f5 Ra6 33. Rae1 Rf6 34. fxg6 fxg6 35. Re7 Rf1+ 36. Rxf1 Rxf1+ 37. Kxf1 Qxe7 38. Qxg6+ Kf8 39. Qf5+ Kg7 40. Qxd5 Kg6 41. Qc6+ Kh7 42. Qxb5 Qe3 43. Qxh5+ Kg8 44. Qe2 1-0

[Event "Miskolc"]
[Site "Miskolc"]
[Date "1990.??.??"]
[Round "4"]
[White "West, Guy"]
[Black "Halasz, Tamas"]
[Result "1/2-1/2"]
[WhiteElo "2395"]
[BlackElo "2415"]
[PlyCount "100"]
[EventDate "1990.12.??"]
[Source "www.chesslib.no"]
[SourceDate "2004.05.04"]

1. e4 e5 2. Nf3 Nf6 3. Nxe5 d6 4. Nf3 Nxe4 5. d3 Nf6 6. d4 Be7 7. Bd3 O-O 8. O-O Bg4 9. Nbd2 Nc6 10. c3 d5 11. Re1 Bd6 12. Nf1 Qd7 13. Bg5 Ne4 14. Bh4 f5 15. Ne3 Qf7 16. Nxg4 fxg4 17. Bxe4 dxe4 18. Ne5 Bxe5 19. dxe5 Nxe5 20. Rxe4 Rae8 21. Bg3 Ng6 22. Qxg4 h5 23. Qf3 Rxe4 24. Qxe4 h4 25. Bxh4 Re8 26. Qg4 Qxa2 27. Rf1 Nxh4 28. Qxh4 Qxb2 29. Qc4+ Kh7 30. Qh4+ Kg8 31. Qc4+ Kh7 32. Qxc7 Re2 33. Qa5 a6 34. h4 Rc2 35. Qh5+ Kg8 36. Qd5+ Kh7 37. Qe4+ Kg8 38. c4 b5 39. Qe6+ Kh7 40. Qf5+ Kg8 41. Qd5+ Kh7 42. Qh5+ Kg8 43. Qe8+ Kh7 44. Qe4+ Kg8 45. Qe6+ Kh7 46. Qf5+ Kg8 47. Qd5+ Kh7 48. Qh5+ Kg8 49. Qe8+ Kh7 50. Qe4+ Kg8 1/2-1/2

[Event "Tula"]
[Site "?"]
[Date "2000.??.??"]
[Round "11"]
[White "Chuiko Alexander"]
[Black "Lunev Andrey"]
[Result "1/2-1/2"]
[WhiteElo "2309"]
[BlackElo "2491"]
[PlyCount "68"]
[EventDate "2000.??.??"]
[Source "www.chesslib.no"]
[SourceDate "2004.05.04"]

1. e4 e5 2. Nf3 Nf6 3. Nxe5 d6 4. Nf3 Nxe4 5. d3 Nf6 6. d4 Be7 7. Bd3 Bg4 8. O-O O-O 9. c3 Nbd7 10. Re1 Re8 11. Nbd2 Bf8 12. h3 Bh5 13. Rxe8 Nxe8 14. Nf1 d5 15. Ng3 Bg6 16. Nf5 Nd6 17. Nxd6 Bxd6 18. Bxg6 hxg6 19. Bg5 f6 20. Be3 c6 21. Qb3 Nb6 22. Qc2 Qe8 23. Re1 Qf7 24. b3 Re8 25. Bd2 Nd7 26. Qd3 Nf8 27. Rxe8 Qxe8 28. Kf1 Kf7 29. Qe2 Qd7 30. Ne1 Qf5 31. Qd3 Qd7 32. Nf3 g5 33. Ng1 Ng6 34. Qf3 Kg8 1/2-1/2

[Event "ISR-chT"]
[Site "Ramat Aviv"]
[Date "2000.03.03"]
[Round "4"]
[White "Kosashvili, Yona"]
[Black "Zalkind, Karmi"]
[Result "1-0"]
[WhiteElo "2548"]
[BlackElo "2250"]
[PlyCount "97"]
[EventDate "2000.01.14"]
[Source "ChessBase"]
[SourceDate "2000.07.27"]

1. e4 e5 2. Nf3 Nf6 3. Nxe5 d6 4. Nf3 Nxe4 5. d3 Nf6 6. d4 Be7 7. Bd3 O-O 8. h3 Nc6 9. c3 h6 10. O-O d5 11. Re1 Bd6 12. Ne5 Be6 13. Nd2 Nd7 14. f4 Ndxe5 15. fxe5 Be7 16. Nf3 Qd7 17. Bf4 f5 18. exf6 Bxf6 19. Qd2 Rae8 20. Re2 Nd8 21. Rae1 c6 22. Ne5 Bxe5 23. Rxe5 Rf6 24. Bg3 Nf7 25. R5e3 Rf8 26. Qe2 Ng5 27. Bh4 Bf5 28. Re7 Qc8 29. Bxg5 hxg5 30. Bxf5 Rxf5 31. Qe3 Kh8 32. Qg3 Kg8 33. Kh2 a6 34. Rc7 Qb8 35. Ree7 R8f7 36. Qd6 Qf8 37. Rxb7 Kh7 38. Qd7 Qxe7 39. Qxe7 Rxe7 40. Rxe7 Rf2 41. Rb7 a5 42. a4 Rc2 43. Rb6 Kg8 44. Kg3 Kf7 45. Kf3 Ke7 46. Rxc6 Rxb2 47. Rc5 Rb3 48. Kg4 Kf6 49. Rc6+ 1-0

[Event "10th Open"]
[Site "Bosnjaci "]
[Date "2004.01.04"]
[Round "2"]
[White "Pap, Misa"]
[Black "Saric, Ante"]
[Result "0-1"]
[WhiteElo "2411"]
[BlackElo "2379"]
[PlyCount "70"]
[EventDate "2004.01.03"]
[Source "Roberto Alvarez"]
[SourceDate "2004.01.19"]

1. e4 e5 2. Nf3 Nf6 3. Nxe5 d6 4. Nf3 Nxe4 5. d3 Nf6 6. d4 d5 7. c4 Be7 8. Bd3 O-O 9. h3 Bb4+ 10. Nc3 Re8+ 11. Be3 dxc4 12. Bxc4 Be6 13. Bd3 h6 14. O-O Nbd7 15. a3 Bd6 16. Rc1 c6 17. Bb1 Qa5 18. Qd3 Rad8 19. Nd2 Qh5 20. Nce4 Bb8 21. Ng3 Qb5 22. Qxb5 cxb5 23. Nge4 Nd5 24. Nc3 a6 25. Nde4 f5 26. Nxd5 Bxd5 27. Nc3 Bc4 28. Rfe1 f4 29. Bd2 Nf6 30. Rxe8+ Rxe8 31. Rd1 Rd8 32. Bc1 Bb3 33. Rd2 f3 34. Ne4 Nxe4 35. Bxe4 Rc8 0-1

[Event "SUI-chT"]
[Site "SUI"]
[Date "1995.??.??"]
[Round "9"]
[White "Donev, Ivo Hristov"]
[Black "Toth, Bela"]
[Result "1/2-1/2"]
[WhiteElo "2385"]
[BlackElo "2400"]
[PlyCount "82"]
[EventDate "1995.??.??"]
[Source "ChessBase"]

1. e4 e5 2. Nf3 Nf6 3. Nxe5 d6 4. Nf3 Nxe4 5. d3 Nf6 6. d4 Be7 7. Bd3 O-O 8. h3 c6 9. O-O Na6 10. c3 Nc7 11. Bf4 b6 12. Re1 Bb7 13. Nbd2 Re8 14. Qc2 h6 15. a4 c5 16. Bh2 Bf8 17. dxc5 Rxe1+ 18. Rxe1 bxc5 19. b4 cxb4 20. cxb4 Na6 21. Qb1 d5 22. Bxa6 Bxa6 23. Be5 Bb7 24. Bd4 Ne4 25. Rc1 Rc8 26. Rxc8 Qxc8 27. Qb2 a6 28. Ne5 Qe8 29. Nxe4 dxe4 30. b5 Qe6 31. Qc3 axb5 32. axb5 Bd5 33. Nc6 f6 34. Nb4 Bb7 35. Bc5 Bd6 36. Bxd6 Qxd6 37. Qc4+ Kf8 38. Nc6 Qd1+ 39. Kh2 Qd6+ 40. Kg1 Qd1+ 41. Kh2 Qd6+ 1/2-1/2

[Event "Moscow RUS"]
[Site "?"]
[Date "1997.??.??"]
[Round "4"]
[White "Dvalishvili Pavel S"]
[Black "Frog Ilya"]
[Result "1/2-1/2"]
[WhiteElo "2370"]
[BlackElo "2410"]
[PlyCount "23"]
[EventDate "1997.??.??"]
[Source "www.chesslib.no"]
[SourceDate "2004.05.04"]

1. e4 e5 2. Nf3 Nf6 3. Nxe5 d6 4. Nf3 Nxe4 5. d3 Nf6 6. Bg5 Be7 7. d4 O-O 8. Bd3 Re8 9. O-O Bg4 10. Nbd2 Nbd7 11. Re1 c6 12. c3 1/2-1/2

[Event "Dortmund op-A"]
[Site "Dortmund GER"]
[Date "1992.??.??"]
[Round "10"]
[White "Keitlinghaus, Ludger"]
[Black "Schwartzman, Gabriel"]
[Result "1/2-1/2"]
[WhiteElo "2440"]
[BlackElo "2340"]
[PlyCount "42"]
[EventDate "1992.04.??"]
[Source "www.chesslib.no"]
[SourceDate "2004.05.04"]

1. e4 e5 2. Nf3 Nf6 3. Nxe5 d6 4. Nf3 Nxe4 5. d3 Nf6 6. d4 Be7 7. Bd3 Bg4 8. h3 Bh5 9. Nc3 Nc6 10. g4 Bg6 11. Be3 Nb4 12. Bf5 Bxf5 13. gxf5 Qd7 14. a3 Nbd5 15. Nxd5 Nxd5 16. Qd3 Bf6 17. Qe4+ Ne7 18. Qxb7 O-O 19. Qe4 Qxf5 20. Qxf5 Nxf5 21. Kd2 Rfe8 1/2-1/2